Geomundo : octubre 1990 /

שמור ב:
מידע ביבליוגרפי
מחברים אחרים: Mendoza, Elvira (dirección) (dirección)
פורמט: ספר
שפה:ספרדית
יצא לאור: México : Editorial América, 1990, c1990
נושאים:
תגים: הוספת תג
אין תגיות, היה/י הראשונ/ה לתייג את הרשומה!

MARC

LEADER 00000nam^a2200000^a^4500
001 000094703
005 20250521000000.0
009 20260310092844.848
022 |a 0256-7253 
037 |a Acervo ITESO - Biblioteca 
041 |a ESP 
082 |a 900. 5  |b GEO 1990 V. 14 T. 10 
240 1 1 |a [Geomundo] 
245 1 0 |a Geomundo :  |b octubre 1990 /  |c Dir. de E. Mendoza. 
264 4 |a México :  |b Editorial América,  |c 1990, c1990 
300 |a p. 324-418 
336 |a texto  |b txt  |2 rdacontenido 
337 |a sin mediación  |b n  |2 rdamedio 
338 |a volumen  |b nc  |2 rdasoporte 
649 |a XX 
650 |a Geografía -  |x Publicaciones Periódicas Mexicanas 
650 |a Hoteles 
650 |a Pintura Latinoamericana 
650 |a Arte Latinoamericano 
650 |a Fiestas Religiosas -  |z Zaragoza, España 
650 |a Religión -  |z Zaragoza, España 
650 |a Reservas Ecológicas -  |z Ecuador 
650 |a Diamantes 
650 |a Sangre 
700 |a Mendoza, Elvira  |e (dirección) 
910 |a Fondo Jesús Rodríguez 
920 |a Impresos - Libros 
930 |a Fondos Especiales 
905 |a 113 
901 |a 0500029830  |b IT2  |c ESP  |u 20250521 
902 |a https://opac.biblio.iteso.mx/vufind/Record/000094703